000 00873nam a22002777a 4500
001 BR2010005643
003 BR-BrBNA
005 20230928103432.0
007 ta
008 230509b bl.||||| |||| 00| 0 por d
040 _aBR-BrBNA
_bpor
_cBiblioteca Nacional de Agricultura
041 _a(Por)
072 _aE14; C20
090 _ E14 BR2010005643
110 1 _aAssociação Riograndense de Empreendimentos de Assistência Técnica e Extensão Rural, Porto Alegre, RS (Brasil)
245 1 _aFrente programática: estratégias de matrizes produtivas
260 3 _aPorto Alegre, RS (Brasil):
_c2010.
300 _a15 p.
650 _aEXTENSÃO RURAL
650 _aDESENVOLVIMENTO RURAL
650 _aDESENVOLVIMENTO SUSTENTÁVEL
650 _aPLANEJAMENTO ESTRATÉGICO
650 _aCADEIA PRODUTIVA
909 _a202309
_bLucia
_c55
_dLucia Elande
942 _cBK
999 _c75107
_d75107